000 00634nam a22002172 4500
001 0000005161
005 20151217151954.0
008 070607s xx 000 0 eng d
020 _a8129701731 :
040 _aKABU
_cKABU
050 0 _aTK5103.2
_b.G37
100 1 _aGarg, Vijay K.
_@0000156303
245 1 0 _aWireless network evolution 2G to 3G.
260 _aDelhi :
_bPearson Education,
_c2002.
300 _a790 p.
650 0 _aWireless communication systems.
_@0000151097
908 _a070607
950 _@1
999 _c6879
_d6879